000 00714nam a2200205Ia 4500
001 732
003 GE_BSU
008 181216s||||||||xx |||||||||||||| ||und||
040 _cGE_BSU
080 _a616.8:316.3
245 _aრა არის აუტიზმი.
245 _bმოკლე სახელმძღვანელო მშობლებისა და პირველადი ჯანდაცვის სისტემის ექიმებისათვის.
260 _aთბილისი
260 _b2009
260 _c12 გვ.
541 _h1 ლ.
653 _aაუტიზმი;
653 _aსახელმძღვანელო
942 _cBK
999 _c34905
_d34905